[Event "Bad Woerishofen op 29th"]
[Site "Bad Woerishofen"]
[Date "2013.03.01"]
[Round "1"]
[White "Epishin, Vladimir"]
[Black "Perman, Torvald"]
[Result "1-0"]
[WhiteElo "2607"]
[BlackElo "2036"]
[PlyCount "71"]
[EventDate "2013.03.01"]
[EventType "swiss"]
[EventRounds "9"]
[EventCountry "GER"]
[SourceTitle "CBM 153 Extra"]
[Source "ChessBase"]
[SourceDate "2013.04.22"]
[SourceVersion "1"]
[SourceVersionDate "2013.04.22"]
[SourceQuality "1"]

1. d4 Nf6 2. Nf3 e6 3. c4 Bb4+ 4. Bd2 Be7 5. Nc3 d5 6. Qc2 c5 7. dxc5 0-0 8. e4 dxe4 9. Nxe4 Nbd7 10. Nxf6+ Nxf6 11. Bd3 Qc7 12. Bc3 Qxc5 13. 0-0 b5 14. cxb5 Bb7 15. Be5 Qxc2 16. Bxc2 Rac8 17. Rfc1 Bc5 18. Bd4 Bxd4 19. Nxd4 Rfd8 20. Nb3 Kf8 21. Bd1 Rxc1 22. Rxc1 Rc8 23. Nc5 Rb8 24. Nxb7 Rxb7 25. a4 Nd5 26. Bf3 Ke7 27. Bxd5 exd5 28. Kf1 Kd6 29. Ke2 Ke5 30. Kd3 g5 31. Rc8 f5 32. b4 Re7 33. a5 Rb7 34. b6 axb6 35. a6 Rd7 36. b5 1-0

[Event "Helsinki We HSL 6th"]
[Site "Helsinki"]
[Date "2013.??.??"]
[Round "1"]
[White "Perman, Torvald"]
[Black "Elomaa, Arto"]
[Result "0-1"]
[WhiteElo "2036"]
[BlackElo "2056"]
[PlyCount "74"]
[EventDate "2013.??.??"]
[EventType "swiss"]
[EventRounds "5"]
[EventCountry "FIN"]
[SourceTitle "EXT 2022"]
[Source "ChessBase"]
[SourceDate "2021.10.06"]
[SourceVersion "1"]
[SourceVersionDate "2021.10.06"]
[SourceQuality "1"]

1. c4 e5 2. g3 Nf6 3. Bg2 c6 4. Nf3 e4 5. Nd4 d5 6. cxd5 cxd5 7. Nc3 Bc5 8. Nb3 Be7 9. d3 Bf5 10. dxe4 dxe4 11. Qxd8+ Bxd8 12. Nc5 Nc6 13. 0-0 0-0 14. N5xe4 Nxe4 15. Nxe4 Nd4 16. Nc3 Ba5 17. Bxb7 Rab8 18. Bf3 Nc2 19. Nd5 Bh3 20. Rd1 Nxa1 21. b4 Bd8 22. Bf4 Rb5 23. Rxa1 Be6 24. Rd1 Bxd5 25. Bxd5 Be7 26. Bb3 Bxb4 27. Rd7 a5 28. Bd6 Bxd6 29. Rxd6 g6 30. Rd7 a4 31. Bxa4 Rb2 32. Bb3 Rxe2 33. Kg2 Re5 34. Rb7 Rf5 35. g4 Rf6 36. Kg3 Rd8 37. Rb4 Rd3+ 0-1

[Event "EU-chT Seniors 12th"]
[Site "Dresden"]
[Date "2010.02.18"]
[Round "9"]
[White "Perman, Torvald"]
[Black "Micheel, Peter"]
[Result "1/2-1/2"]
[WhiteElo "2055"]
[BlackElo "1943"]
[PlyCount "37"]
[EventDate "2010.02.10"]
[EventType "team-swiss"]
[EventRounds "9"]
[EventCountry "GER"]
[SourceTitle "CBM 134 Extra"]
[Source "ChessBase"]
[SourceDate "2010.03.03"]
[SourceVersion "1"]
[SourceVersionDate "2010.03.03"]
[SourceQuality "1"]
[WhiteTeam "Botnia (Seniors)"]
[BlackTeam "Dresden (Seniors) II"]
[WhiteTeamCountry "FIN"]
[BlackTeamCountry "GER"]

1. c4 e5 2. g3 Nc6 3. Bg2 Nf6 4. Nc3 Bc5 5. a3 d6 6. d3 h6 7. e3 0-0 8. Nge2 Bf5 9. 0-0 Qd7 10. Qe1 Rfe8 11. b4 Bb6 12. Bb2 Nd8 13. Nd5 Nxd5 14. cxd5 c6 15. Nc3 cxd5 16. Nxd5 Qb5 17. e4 Be6 18. Nxb6 Qxb6 19. d4 1/2-1/2

[Event "EU-chT Seniors 12th"]
[Site "Dresden"]
[Date "2010.02.15"]
[Round "6"]
[White "Perman, Torvald"]
[Black "Lyly, Seppo"]
[Result "1/2-1/2"]
[WhiteElo "2055"]
[BlackElo "1991"]
[PlyCount "78"]
[EventDate "2010.02.10"]
[EventType "team-swiss"]
[EventRounds "9"]
[EventCountry "GER"]
[SourceTitle "CBM 134 Extra"]
[Source "ChessBase"]
[SourceDate "2010.03.03"]
[SourceVersion "1"]
[SourceVersionDate "2010.03.03"]
[SourceQuality "1"]
[WhiteTeam "Botnia (Seniors)"]
[BlackTeam "Stadi (Seniors)"]
[WhiteTeamCountry "FIN"]
[BlackTeamCountry "FIN"]

1. c4 c5 2. Nc3 Nc6 3. g3 g6 4. Bg2 Bg7 5. e3 e5 6. Nge2 Nge7 7. a3 0-0 8. Rb1 a6 9. d3 Rb8 10. b4 cxb4 11. axb4 b5 12. cxb5 axb5 13. Qb3 Qb6 14. 0-0 Bb7 15. Bb2 Nd8 16. Bxb7 Qxb7 17. Ne4 Ne6 18. Nc5 Nxc5 19. bxc5 Qf3 20. Nc3 h5 21. Ne4 h4 22. Qd1 Qxd1 23. Rfxd1 hxg3 24. hxg3 Rfc8 25. Rdc1 Rc6 26. Ba1 Nc8 27. f4 exf4 28. Bxg7 Kxg7 29. gxf4 Ne7 30. Kf2 Nd5 31. Nd6 b4 32. Rb3 Rh8 33. Kg3 Nxe3 34. Rxb4 Rh5 35. d4 Rd5 36. Kf3 Nf5 37. Nxf5+ gxf5 38. Re1 d6 39. cxd6 Rcxd6 1/2-1/2

[Event "EU-chT Seniors 12th"]
[Site "Dresden"]
[Date "2010.02.11"]
[Round "2"]
[White "Perman, Torvald"]
[Black "Wuensch, Ulrich"]
[Result "0-1"]
[WhiteElo "2055"]
[BlackElo "2101"]
[PlyCount "104"]
[EventDate "2010.02.10"]
[EventType "team-swiss"]
[EventRounds "9"]
[EventCountry "GER"]
[SourceTitle "CBM 134 Extra"]
[Source "ChessBase"]
[SourceDate "2010.03.03"]
[SourceVersion "1"]
[SourceVersionDate "2010.03.03"]
[SourceQuality "1"]
[WhiteTeam "Botnia (Seniors)"]
[BlackTeam "Dresden Springer (Seniors)"]
[WhiteTeamCountry "FIN"]
[BlackTeamCountry "GER"]

1. c4 Nf6 2. g3 c6 3. Bg2 d5 4. Nf3 Bf5 5. cxd5 cxd5 6. 0-0 e6 7. Ne5 Bd6 8. Qa4+ Nbd7 9. d4 0-0 10. Nxd7 Nxd7 11. Nc3 Nb6 12. Qb3 Rc8 13. e4 dxe4 14. Be3 Nc4 15. Rac1 Nxe3 16. fxe3 b6 17. Nxe4 Be7 18. Rxc8 Qxc8 19. Nc3 h5 20. e4 Bg6 21. Rd1 h4 22. Ne2 hxg3 23. Nxg3 Rd8 24. Qc3 Qd7 25. Qd2 Qb5 26. Bf1 Qd7 27. Kh1 Bh4 28. Qf4 Qe7 29. Bg2 e5 30. Qe3 exd4 31. Rxd4 Rxd4 32. Qxd4 Bf6 33. Qd2 Qe5 34. b3 Qa1+ 35. Nf1 Bxe4 36. Qe2 Bxg2+ 37. Qxg2 g6 38. Qe2 Kg7 39. Qa6 Qd1 40. Kg2 Qd5+ 41. Kf2 Bh4+ 42. Ng3 Qd2+ 43. Kg1 Be7 44. Ne2 Bc5+ 45. Kg2 Qd5+ 46. Kh3 g5 47. Ng3 Qd7+ 48. Kg2 Kg6 49. Qe2 g4 50. Kf1 f5 51. Qc4 Qd1+ 52. Kg2 Qf3# 0-1

[Event "Basel Hilton op 12th"]
[Site "Basel"]
[Date "2010.01.05"]
[Round "7"]
[White "Perman, Torvald"]
[Black "Sommerhalder, Eric"]
[Result "1-0"]
[WhiteElo "2055"]
[BlackElo "1899"]
[PlyCount "103"]
[EventDate "2010.01.01"]
[EventType "swiss"]
[EventRounds "7"]
[EventCountry "SUI"]
[SourceTitle "CBM 134 Extra"]
[Source "ChessBase"]
[SourceDate "2010.03.03"]
[SourceVersion "1"]
[SourceVersionDate "2010.03.03"]
[SourceQuality "1"]

1. c4 Nc6 2. g3 e5 3. Bg2 Nf6 4. Nc3 Bc5 5. a3 a6 6. b4 Ba7 7. e3 d6 8. Nge2 0-0 9. 0-0 h6 10. d4 exd4 11. Nxd4 Nxd4 12. exd4 Re8 13. h3 c6 14. Be3 Be6 15. Qd3 d5 16. c5 Qd7 17. Kh2 Bf5 18. Qd2 Bb8 19. Rae1 Ne4 20. Nxe4 Bxe4 21. Bxe4 Rxe4 22. Kg2 Qf5 23. f3 Re6 24. Bf2 Bc7 25. Rxe6 fxe6 26. g4 Qf6 27. Bg3 Bxg3 28. Kxg3 e5 29. dxe5 Qxe5+ 30. f4 Qc7 31. Kf3 Re8 32. Re1 Kf8 33. Rxe8+ Kxe8 34. Qd4 Qe7 35. a4 Kf7 36. b5 Qh4 37. Kg2 Qe1 38. bxc6 bxc6 39. Qd3 a5 40. Qf5+ Ke7 41. Qg6 Qe4+ 42. Qxe4+ dxe4 43. Kf2 Ke6 44. Ke3 Kd5 45. h4 Kxc5 46. Kxe4 Kd6 47. f5 c5 48. g5 h5 49. f6 gxf6 50. gxf6 Ke6 51. f7 Kxf7 52. Kd5 1-0

[Event "Basel Hilton op 12th"]
[Site "Basel"]
[Date "2010.01.01"]
[Round "1"]
[White "Dann, Matthias"]
[Black "Perman, Torvald"]
[Result "1-0"]
[WhiteElo "2320"]
[BlackElo "2055"]
[PlyCount "159"]
[EventDate "2010.01.01"]
[EventType "swiss"]
[EventRounds "7"]
[EventCountry "SUI"]
[SourceTitle "CBM 134 Extra"]
[Source "ChessBase"]
[SourceDate "2010.03.03"]
[SourceVersion "1"]
[SourceVersionDate "2010.03.03"]
[SourceQuality "1"]

1. e4 c5 2. Nf3 e6 3. d4 cxd4 4. Nxd4 a6 5. Nc3 Qc7 6. Bd3 Nf6 7. f4 d6 8. Qf3 Nc6 9. Nb3 Be7 10. g4 0-0 11. g5 Nd7 12. Bd2 b5 13. 0-0-0 b4 14. Nd5 exd5 15. exd5 Nce5 16. fxe5 Nxe5 17. Qe4 g6 18. Nd4 Bd7 19. h4 Rfb8 20. Kb1 Bf8 21. h5 Bg7 22. hxg6 hxg6 23. Bf4 Re8 24. Bxe5 Rxe5 25. Qf3 Rxg5 26. Rdf1 Bg4 27. Qf4 Rxd5 28. Qxg4 Rxd4 29. Qh3 Rxd3 30. Qxd3 Rc8 31. Rh4 a5 32. Rhf4 Re8 33. a3 bxa3 34. Rxf7 Qxf7 35. Rxf7 Kxf7 36. Qxa3 Rb8 37. c3 Ke6 38. Qa2+ Kf5 39. Qf7+ Bf6 40. Qc7 Re8 41. Qxd6 Re5 42. Kc2 g5 43. Kd3 g4 44. Qd7+ Kf4 45. Qd4+ Kf5 46. Qf2+ Kg5 47. c4 Be7 48. Qd4 Kf5 49. Qd7+ Kg5 50. Qc8 Kf4 51. Qg8 Bb4 52. Qf7+ Kg5 53. Kd4 Rf5 54. Qg7+ Kf4 55. Qc7+ Kf3 56. Qc6+ Kf4 57. Qe4+ Kg5 58. Qe3+ Kh4 59. Ke4 Rf3 60. Qg1 Kg5 61. c5 Rf4+ 62. Kd3 Rf3+ 63. Ke2 Rf5 64. c6 Bd6 65. Qe3+ Rf4 66. c7 Bxc7 67. Qe7+ Kf5 68. Qxc7 g3 69. Qxa5+ Kg4 70. Qd5 Kh3 71. Qh1+ Kg4 72. b3 Rf2+ 73. Ke3 Rh2 74. Qf3+ Kh3 75. Qf1+ Kg4 76. Qb1 g2 77. Kf2 Kf4 78. Qc1+ Kg4 79. Qc4+ Kh3 80. Qd3+ 1-0

[Event "EU-chT Seniors 11th"]
[Site "Velden"]
[Date "2009.04.12"]
[Round "8"]
[White "Sorensen, Bent"]
[Black "Perman, Torvald"]
[Result "1-0"]
[WhiteElo "2194"]
[BlackElo "2048"]
[PlyCount "77"]
[EventDate "2009.04.05"]
[EventType "team-swiss"]
[EventRounds "9"]
[EventCountry "AUT"]
[SourceTitle "CBM 129 Extra"]
[Source "ChessBase"]
[SourceDate "2009.05.05"]
[SourceVersion "2"]
[SourceVersionDate "2009.05.20"]
[SourceQuality "1"]

1. Nf3 c5 2. c4 Nc6 3. d4 cxd4 4. Nxd4 g6 5. e4 Bg7 6. Be3 d6 7. Nc3 Nf6 8. Be2 0-0 9. 0-0 Bd7 10. Nc2 Qa5 11. Rb1 Rfc8 12. f3 h5 13. Bf2 Qd8 14. Qd2 Na5 15. Ne3 Be6 16. b3 Nc6 17. Rfd1 Nd7 18. Bf1 a5 19. Ned5 Bxd5 20. Nxd5 Nb4 21. Nxb4 axb4 22. Qxb4 Rxa2 23. Qxb7 Rb8 24. Qd5 Qc7 25. c5 Nf6 26. Qc4 dxc5 27. b4 Rba8 28. Qxc5 Qxc5 29. Bxc5 e6 30. b5 Rc2 31. Bd6 Ne8 32. Bg3 e5 33. b6 f6 34. Bd3 Rc3 35. Be1 Rxd3 36. Rxd3 Bf8 37. Bb4 Rb8 38. Bxf8 Kxf8 39. Rd7 1-0

[Event "EU-chT Seniors 11th"]
[Site "Velden"]
[Date "2009.04.09"]
[Round "5"]
[White "Perman, Torvald"]
[Black "Hoehm, Walter"]
[Result "1/2-1/2"]
[WhiteElo "2048"]
[BlackElo "2035"]
[PlyCount "41"]
[EventDate "2009.04.05"]
[EventType "team-swiss"]
[EventRounds "9"]
[EventCountry "AUT"]
[SourceTitle "CBM 129 Extra"]
[Source "ChessBase"]
[SourceDate "2009.05.05"]
[SourceVersion "2"]
[SourceVersionDate "2009.05.20"]
[SourceQuality "1"]

1. c4 e5 2. Nc3 Nf6 3. g3 d5 4. cxd5 Nxd5 5. Bg2 Nb6 6. Nf3 Nc6 7. 0-0 Be6 8. d3 f6 9. a3 Qd7 10. b4 0-0-0 11. Ne4 Bh3 12. Be3 Bxg2 13. Kxg2 Nd4 14. Bxd4 exd4 15. Qb3 Qd5 16. Qxd5 Rxd5 17. Rfc1 Be7 18. Rc2 Kb8 19. Rac1 Rc8 20. Nc5 Bxc5 21. Rxc5 1/2-1/2

[Event "EU-chT Seniors 11th"]
[Site "Velden"]
[Date "2009.04.08"]
[Round "4"]
[White "Clemens, Christian"]
[Black "Perman, Torvald"]
[Result "1-0"]
[WhiteElo "2291"]
[BlackElo "2048"]
[PlyCount "81"]
[EventDate "2009.04.05"]
[EventType "team-swiss"]
[EventRounds "9"]
[EventCountry "AUT"]
[SourceTitle "CBM 129 Extra"]
[Source "ChessBase"]
[SourceDate "2009.05.05"]
[SourceVersion "2"]
[SourceVersionDate "2009.05.20"]
[SourceQuality "1"]

1. g3 c5 2. Bg2 Nc6 3. e4 g6 4. d3 Bg7 5. f4 d6 6. Nf3 e6 7. c3 Nge7 8. Be3 0-0 9. 0-0 b6 10. a4 Ba6 11. Na3 Qd7 12. Bf2 d5 13. e5 Rad8 14. Re1 d4 15. c4 Bb7 16. Ng5 Nc8 17. Ne4 f5 18. exf6 Bxf6 19. Qg4 Rde8 20. Re2 Nb4 21. Rd2 Bg7 22. Nc2 Nxc2 23. Rxc2 a5 24. Re2 Re7 25. h4 e5 26. Qxd7 Rxd7 27. fxe5 Re7 28. Rae1 Rfe8 29. e6 Kh8 30. Bh3 Bxe4 31. Rxe4 Nd6 32. R4e2 Nf5 33. g4 Ne3 34. g5 Be5 35. Bxe3 dxe3 36. Rg2 Bd4 37. Rf1 Kg7 38. b3 Rf8 39. Rxf8 Kxf8 40. Bg4 Ke8 41. Re2 1-0

[Event "EU-chT Seniors 11th"]
[Site "Velden"]
[Date "2009.04.06"]
[Round "2"]
[White "Baumbach, Friedrich"]
[Black "Perman, Torvald"]
[Result "1/2-1/2"]
[WhiteElo "2280"]
[BlackElo "2048"]
[PlyCount "136"]
[EventDate "2009.04.05"]
[EventType "team-swiss"]
[EventRounds "9"]
[EventCountry "AUT"]
[SourceTitle "CBM 129 Extra"]
[Source "ChessBase"]
[SourceDate "2009.05.05"]
[SourceVersion "2"]
[SourceVersionDate "2009.05.20"]
[SourceQuality "1"]

1. d4 Nf6 2. c4 e6 3. Nf3 b6 4. g3 Bb7 5. Bg2 Bb4+ 6. Bd2 Bxd2+ 7. Nbxd2 0-0 8. Qc2 c5 9. e4 Qc7 10. 0-0 cxd4 11. Nxd4 a6 12. Rad1 Nc6 13. Nxc6 Qxc6 14. Rfe1 Rac8 15. Qd3 Rfd8 16. b3 d6 17. Bf3 Qc7 18. Nf1 h5 19. h4 Bc6 20. Qe3 Qb7 21. Qf4 b5 22. cxb5 axb5 23. Rd2 Rd7 24. Bg2 Rcd8 25. f3 Qa7+ 26. Qe3 Kf8 27. Qxa7 Rxa7 28. Rc1 Ba8 29. Ne3 Ke7 30. Bf1 Rb8 31. Rc3 d5 32. exd5 Nxd5 33. Nxd5+ Bxd5 34. Kf2 b4 35. Rcc2 Rba8 36. Bb5 Kd6 37. Ke3 Rc7 38. Rxc7 Kxc7 39. Kf4 f6 40. Bd3 g5+ 41. hxg5 fxg5+ 42. Kxg5 Rg8+ 43. Bg6 Bxf3 44. Kf6 Bg4 45. Bf7 Ra8 46. Bxe6 Ra6 47. Rd7+ Kb8 48. Re7 Bxe6 49. Rxe6 Rxa2 50. Kg5 Ra5+ 51. Kf4 Kc7 52. Re4 Ra1 53. Rxb4 Rf1+ 54. Ke3 Kc6 55. Rf4 Re1+ 56. Kf2 Re5 57. Kg2 Rb5 58. b4 Kd6 59. Kh3 Ke6 60. Kh4 Kd6 61. Re4 Rd5 62. Re8 Kd7 63. Rb8 Ke6 64. b5 Kf6 65. b6 Rb5 66. Kh3 Rb2 67. b7 Kg7 68. Kh4 Rb5 1/2-1/2

[Event "Gibraltar Masters 7th"]
[Site "Gibraltar"]
[Date "2009.02.01"]
[Round "6"]
[White "Perman, Torvald"]
[Black "Gonzalez Amaya, Milan"]
[Result "1-0"]
[WhiteElo "2077"]
[BlackElo "1831"]
[PlyCount "47"]
[EventDate "2009.01.27"]
[EventType "swiss"]
[EventRounds "10"]
[EventCountry "ENG"]
[SourceTitle "CBM 128 Extra"]
[Source "ChessBase"]
[SourceDate "2009.03.05"]
[SourceVersion "2"]
[SourceVersionDate "2009.03.25"]
[SourceQuality "1"]

1. c4 Nf6 2. g3 e5 3. Bg2 Nc6 4. Nc3 Bc5 5. a3 a5 6. e3 0-0 7. Nge2 d6 8. d4 exd4 9. exd4 Bb6 10. 0-0 Bg4 11. h3 Bh5 12. Be3 Re8 13. Qd2 Bg6 14. Rae1 a4 15. Bg5 h6 16. Bxf6 Qxf6 17. Nd5 Qd8 18. Nxb6 cxb6 19. Nf4 Na5 20. Nxg6 fxg6 21. Rxe8+ Qxe8 22. Re1 Qc8 23. Qb4 Qxc4 24. Qxc4+ 1-0

[Event "EU-chT Seniors 10th"]
[Site "Dresden"]
[Date "2008.02.12"]
[Round "2.1"]
[White "Perman, Torvald"]
[Black "Hauswald, Gerd"]
[Result "1-0"]
[WhiteElo "2092"]
[BlackElo "1820"]
[PlyCount "78"]
[EventDate "2008.02.11"]
[EventType "team-swiss"]
[EventRounds "9"]
[EventCountry "GER"]
[SourceTitle "CBM 122 Extra"]
[Source "ChessBase"]
[SourceDate "2008.03.04"]
[SourceVersion "1"]
[SourceVersionDate "2008.03.04"]
[SourceQuality "1"]
[WhiteTeam "Finland (Seniors) II"]
[BlackTeam "Heidenau"]
[WhiteTeamCountry "FIN"]
[BlackTeamCountry "GER"]

1. c4 Nf6 2. g3 g6 3. Bg2 Bg7 4. Nc3 c6 5. e4 d6 6. d4 0-0 7. Nf3 Na6 8. 0-0 Nc7 9. Re1 Ne6 10. h3 Rb8 11. d5 cxd5 12. exd5 Nc5 13. Nd4 Re8 14. Be3 a6 15. b4 Ncd7 16. Qb3 Ne5 17. f4 Ned7 18. Kh2 Nb6 19. Rad1 Bd7 20. c5 Na8 21. Rc1 Nc7 22. Bf2 Na8 23. Re2 Qc7 24. c6 bxc6 25. Nxc6 Bxc6 26. dxc6 e6 27. a4 d5 28. Rec2 Qxc6 29. Nxd5 Qd6 30. Bc5 Qd8 31. Nxf6+ Qxf6 32. Qd3 Red8 33. Qxa6 Bf8 34. Bxf8 Kxf8 35. Rc8 Nb6 36. Rxb8 Rxb8 37. Qa7 Qd8 38. Rc7 Nxa4 39. Rxf7+ Kg8 1-0

[Event "Gibraltar Masters 6th"]
[Site "Gibraltar"]
[Date "2008.01.30"]
[Round "9"]
[White "Lyell, Mark"]
[Black "Perman, Torvald"]
[Result "1-0"]
[WhiteElo "2221"]
[BlackElo "2092"]
[PlyCount "61"]
[EventDate "2008.01.22"]
[EventType "swiss"]
[EventRounds "10"]
[EventCountry "ENG"]
[SourceTitle "CBM 122 Extra"]
[Source "ChessBase"]
[SourceDate "2008.03.04"]
[SourceVersion "1"]
[SourceVersionDate "2008.03.04"]
[SourceQuality "1"]

1. e4 c5 2. c3 d5 3. exd5 Qxd5 4. d4 Nf6 5. Nf3 Bg4 6. Nbd2 e6 7. Bc4 Qd7 8. Qb3 Qc7 9. h3 Bf5 10. Nf1 Be7 11. Ng3 0-0 12. Nxf5 exf5 13. 0-0 Nc6 14. d5 Na5 15. Qa4 a6 16. Bd3 Nxd5 17. Bxf5 b5 18. Qg4 Nf6 19. Qh4 Rfe8 20. Re1 Bf8 21. Bg5 h6 22. Bxf6 gxf6 23. Re4 Rxe4 24. Bxe4 Rd8 25. Qg4+ Bg7 26. Nh4 f5 27. Nxf5 Qe5 28. Nxh6+ Kf8 29. Nf5 Bf6 30. Re1 Rd5 31. f4 1-0

[Event "Gibraltar Masters 6th"]
[Site "Gibraltar"]
[Date "2008.01.28"]
[Round "7"]
[White "Petrovic, Marko"]
[Black "Perman, Torvald"]
[Result "0-1"]
[WhiteElo "1983"]
[BlackElo "2092"]
[PlyCount "94"]
[EventDate "2008.01.22"]
[EventType "swiss"]
[EventRounds "10"]
[EventCountry "ENG"]
[SourceTitle "CBM 122 Extra"]
[Source "ChessBase"]
[SourceDate "2008.03.04"]
[SourceVersion "1"]
[SourceVersionDate "2008.03.04"]
[SourceQuality "1"]

1. e4 c5 2. Nf3 e6 3. d4 cxd4 4. Nxd4 a6 5. c4 Nf6 6. Nc3 Qc7 7. Be2 Bb4 8. Qd3 0-0 9. Bd2 Nc6 10. Nf3 d5 11. cxd5 exd5 12. Nxd5 Bxd2+ 13. Qxd2 Nxd5 14. exd5 Rd8 15. Rd1 Be6 16. d6 Qa5 17. Qxa5 Nxa5 18. 0-0 Bxa2 19. Rd2 Bc4 20. Rfd1 Rac8 21. Ne5 Bxe2 22. Rxe2 f6 23. Nf3 Rd7 24. b4 Nc4 25. Rc2 Rxd6 26. Rxd6 Nxd6 27. Rxc8+ Nxc8 28. Nd4 Kf7 29. Kf1 Ne7 30. Ke1 Nd5 31. b5 axb5 32. Nxb5 Ke6 33. Kd2 Ke5 34. f3 f5 35. g3 g5 36. Kd3 h5 37. Na3 f4 38. Nc4+ Ke6 39. gxf4 Nxf4+ 40. Ke4 b5 41. Ne3 b4 42. h4 b3 43. Nc4 Kf6 44. Nb2 Ng2 45. hxg5+ Kxg5 46. Nd3 h4 47. Nb2 h3 0-1

[Event "Gibraltar Masters 6th"]
[Site "Gibraltar"]
[Date "2008.01.26"]
[Round "5"]
[White "Skage, Oystein Aagedal"]
[Black "Perman, Torvald"]
[Result "1-0"]
[WhiteElo "1919"]
[BlackElo "2092"]
[PlyCount "87"]
[EventDate "2008.01.22"]
[EventType "swiss"]
[EventRounds "10"]
[EventCountry "ENG"]
[SourceTitle "CBM 122 Extra"]
[Source "ChessBase"]
[SourceDate "2008.03.04"]
[SourceVersion "1"]
[SourceVersionDate "2008.03.04"]
[SourceQuality "1"]

1. e4 c5 2. Nf3 e6 3. d4 cxd4 4. Nxd4 a6 5. Bd3 Nf6 6. 0-0 Qc7 7. Qe2 d6 8. c4 g6 9. Nc3 Bg7 10. Be3 0-0 11. Rac1 Nbd7 12. f4 b6 13. Nb3 Bb7 14. Nd2 Rad8 15. b4 Qb8 16. Na4 Ba8 17. h3 Nh5 18. Qf2 e5 19. f5 Nf4 20. Bb1 b5 21. Nb6 Nxb6 22. Bxb6 bxc4 23. Bxd8 Rxd8 24. Nxc4 Bxe4 25. Bxe4 d5 26. Bb1 dxc4 27. Rxc4 gxf5 28. Bxf5 Qd6 29. Qh4 Ng6 30. Qxd8+ Qxd8 31. Rc8 Bf6 32. Rd1 Qxc8 33. Bxc8 Be7 34. Rb1 a5 35. bxa5 Bc5+ 36. Kh1 Ne7 37. a6 e4 38. Bg4 e3 39. Rb7 Nf5 40. Bxf5 e2 41. Rb1 Bf2 42. Bg4 e1Q+ 43. Rxe1 Bxe1 44. a7 1-0

[Event "Bad Woerishofen op 22nd"]
[Site "Bad Woerishofen"]
[Date "2006.03.23"]
[Round "7"]
[White "Klein, Manfred"]
[Black "Perman, Torvald"]
[Result "1/2-1/2"]
[WhiteElo "2245"]
[BlackElo "2110"]
[PlyCount "39"]
[EventDate "2006.03.17"]
[EventType "swiss"]
[EventRounds "9"]
[EventCountry "GER"]
[SourceTitle "CBM 111 Extra"]
[Source "ChessBase"]
[SourceDate "2006.05.09"]
[SourceVersion "1"]
[SourceVersionDate "2006.05.09"]
[SourceQuality "1"]

1. e4 c5 2. Nf3 e6 3. d4 cxd4 4. Nxd4 a6 5. Nc3 Qc7 6. Bd3 Nf6 7. Be3 b5 8. 0-0 Bb7 9. Nb3 d6 10. a3 Be7 11. f4 Nbd7 12. Qe2 0-0 13. Nd4 Rfe8 14. Kh1 Bf8 15. Rae1 Rac8 16. Bg1 e5 17. fxe5 Nxe5 18. Qd2 d5 19. exd5 Nxd3 20. Qxd3 1/2-1/2

[Event "Vantaa We Remi op"]
[Site "Vantaa"]
[Date "2004.??.??"]
[Round "5"]
[White "Tuovinen, Jukka"]
[Black "Perman, Torvald"]
[Result "1/2-1/2"]
[WhiteElo "2055"]
[BlackElo "2067"]
[PlyCount "86"]
[EventDate "2004.??.??"]
[EventType "swiss"]
[EventRounds "5"]
[EventCountry "FIN"]
[SourceTitle "EXT 2022"]
[Source "ChessBase"]
[SourceDate "2021.10.06"]
[SourceVersion "1"]
[SourceVersionDate "2021.10.06"]
[SourceQuality "1"]

1. e4 c5 2. Nf3 e6 3. d4 cxd4 4. Nxd4 a6 5. Bd3 Nf6 6. 0-0 d6 7. c4 g6 8. Nc3 Bg7 9. Nb3 Qc7 10. Be3 Nbd7 11. f4 0-0 12. Qe2 b6 13. h3 Bb7 14. Rad1 Nc5 15. Nxc5 bxc5 16. Bb1 Nd7 17. Qd3 Nb6 18. f5 exf5 19. exf5 Rfe8 20. f6 Bf8 21. b3 Rad8 22. Nd5 Nxd5 23. cxd5 Re5 24. Bf4 Rxd5 25. Qg3 Rxd1 26. Rxd1 Qc6 27. h4 c4 28. bxc4 Qxc4 29. Bg5 Re8 30. Bd3 Qxa2 31. h5 Be4 32. Re1 d5 33. hxg6 hxg6 34. Re2 Qa1+ 35. Kh2 Qe5 36. Bxa6 Bd6 37. Qxe5 Rxe5 38. Bd2 Rh5+ 39. Kg1 Bc5+ 40. Be3 Bxe3+ 41. Rxe3 Rf5 42. Bd3 Bxd3 43. Rxd3 Rxf6 1/2-1/2

[Event "Saarlouis op 6th"]
[Site "Saarlouis"]
[Date "2003.05.30"]
[Round "4"]
[White "Perman, Torvald"]
[Black "Csom, Istvan"]
[Result "0-1"]
[WhiteElo "2083"]
[BlackElo "2271"]
[PlyCount "148"]
[EventDate "2003.05.??"]
[EventType "swiss"]
[EventRounds "7"]
[EventCountry "GER"]
[SourceTitle "EXT 2006"]
[Source "ChessBase"]
[SourceDate "2005.11.24"]
[SourceVersion "1"]
[SourceVersionDate "2005.11.24"]
[SourceQuality "1"]

1. c4 c5 2. Nc3 Nc6 3. g3 g6 4. Bg2 Bg7 5. e3 e5 6. Nge2 Nge7 7. 0-0 0-0 8. d3 d6 9. Rb1 Be6 10. Nd5 Rb8 11. Nec3 a6 12. b3 b5 13. Qd2 Qd7 14. Re1 Kh8 15. Bb2 Ng8 16. Ne2 f5 17. f4 Rfe8 18. Rbc1 Nh6 19. h3 Nf7 20. Kh2 g5 21. Ng1 Rg8 22. fxe5 Ncxe5 23. Nf3 Nxf3+ 24. Bxf3 Bxb2 25. Qxb2+ Ne5 26. Bg2 Qg7 27. Qe2 bxc4 28. dxc4 Rbf8 29. Rf1 Rf7 30. Rf2 Qh6 31. Kg1 Rfg7 32. Qf1 f4 33. g4 Bxd5 34. cxd5 Rf8 35. Qxa6 Rgf7 36. exf4 gxf4 37. Re1 Qh4 38. Qxd6 Nd3 39. Ref1 Rf6 40. Qe7 Nxf2 41. Rxf2 Qg5 42. Be4 R8f7 43. Qxc5 Qe5 44. Bf3 Rc7 45. Qa5 Rc1+ 46. Kg2 Rc3 47. Re2 Re3 48. Qd8+ Kg7 49. Qd7+ Kg6 50. Rf2 Qg5 51. Qd8 Kh6 52. Kf1 Qh4 53. Qg8 Qxh3+ 54. Bg2 Qg3 55. Bf3 Re5 56. d6 Qh3+ 57. Bg2 Qd3+ 58. Kg1 Qxd6 59. Bf3 Re1+ 60. Kg2 Rg6 61. Qc4 Qe5 62. Re2 Rxe2+ 63. Bxe2 Rd6 64. Qb5 Qxb5 65. Bxb5 Rd2+ 66. Kf3 Rxa2 67. Kxf4 Rf2+ 68. Kg3 Rb2 69. Bc4 Kg5 70. Be6 Re2 71. Bc4 Re3+ 72. Kf2 Rc3 73. Be6 Kf4 74. Bf5 h5 0-1

[Event "Saarlouis op 6th"]
[Site "Saarlouis"]
[Date "2003.05.29"]
[Round "2"]
[White "Perman, Torvald"]
[Black "Mainka, Romuald"]
[Result "0-1"]
[WhiteElo "2083"]
[BlackElo "2432"]
[PlyCount "66"]
[EventDate "2003.05.??"]
[EventType "swiss"]
[EventRounds "7"]
[EventCountry "GER"]
[SourceTitle "EXT 2006"]
[Source "ChessBase"]
[SourceDate "2005.11.24"]
[SourceVersion "1"]
[SourceVersionDate "2005.11.24"]
[SourceQuality "1"]

1. c4 e5 2. g3 Nf6 3. Bg2 d5 4. cxd5 Nxd5 5. Nc3 Nb6 6. Nf3 Nc6 7. 0-0 Be7 8. a3 0-0 9. d3 Be6 10. b4 f6 11. Bb2 a5 12. b5 Nd4 13. Nxd4 exd4 14. Na4 Bd5 15. Nxb6 cxb6 16. Qa4 Bxg2 17. Kxg2 Qd5+ 18. Kg1 Rfd8 19. Rfc1 Bc5 20. Qc4 a4 21. Qxd5+ Rxd5 22. Rc4 Kf7 23. Bc1 g5 24. Bd2 Bd6 25. Bb4 Be5 26. Rac1 Rxb5 27. Rc8 Rxc8 28. Rxc8 Ke6 29. Ra8 Rxb4 30. axb4 b5 31. Ra5 Bc7 32. Rxb5 b6 33. e4 a3 0-1